Davey O'Brien Award winners - Statistics

General Stats
  • This quiz has been taken 27 times
    23 since last reset
  • The average score is 23 of 42
Answer Stats
Year School Answer % Correct
2021 Alabama Bryce Young
100%
2005 Texas Vince Young
100%
2017 Oklahoma Baker Mayfield
95%
2010 Auburn Cam Newton
95%
2015 Clemson Deshaun Watson
95%
2016 Clemson Deshaun Watson
95%
2019 LSU Joe Burrow
95%
2020 Alabama Mac Jones
95%
2007 Florida Tim Tebow
95%
2013 Florida State Jameis Winston
90%
2012 Texas A&M Johnny Manziel
90%
2014 Oregon Marcus Mariota
90%
2011 Baylor Robert Griffin III
90%
2018 Oklahoma Kyler Murray
85%
2008 Oklahoma Sam Bradford
85%
1983 BYU Steve Young
85%
2022 TCU Max Duggan
80%
2009 Texas Colt McCoy
70%
2006 Ohio State Troy Smith
65%
1997 Tennessee Peyton Manning
55%
2003 Oklahoma Jason White
50%
2004 Oklahoma Jason White
50%
2000 Florida State Chris Weinke
45%
1984 Boston College Doug Flutie
45%
2001 Nebraska Eric Crouch
45%
1986 Miami (FL) Vinny Testaverde
40%
1989 Houston Andre Ware
35%
1993 Florida State Charlie Ward
30%
1988 UCLA Troy Aikman
30%
1990 BYU Ty Detmer
30%
1991 BYU Ty Detmer
30%
1994 Penn State Kerry Collins
25%
1995 Florida Danny Wuerffel
20%
1996 Florida Danny Wuerffel
20%
1992 Miami (FL) Gino Torretta
20%
1981 BYU Jim McMahon
20%
1985 Iowa Chuck Long
10%
2002 Iowa Brad Banks
5%
1987 Syracuse Don McPherson
5%
1999 Georgia Tech Joe Hamilton
5%
1998 Kansas State Michael Bishop
5%
1982 Penn State Todd Blackledge
5%
No matching quizzes found
Score Distribution
Percent of People with Each Score
Percentile by Number Answered
Your Score History
You have not taken this quiz since the last reset